| 000 -LEADER |
| fixed length control field |
00754nam a22001817a 4500 |
| 005 - DATE AND TIME OF LATEST TRANSACTION |
| control field |
20231115142641.0 |
| 008 - FIXED-LENGTH DATA ELEMENTS--GENERAL INFORMATION |
| fixed length control field |
231115s1976 ru ||||| |||| 00| 0 rus d |
| 041 ## - LANGUAGE CODE |
| Language code of text/sound track or separate title |
rus |
| 080 ## - UNIVERSAL DECIMAL CLASSIFICATION NUMBER |
| Universal Decimal Classification number |
75.056 Д-72 |
| 100 ## - MAIN ENTRY--PERSONAL NAME |
| Personal name |
Дрампян, И.Р. |
| 9 (RLIN) |
20395 |
| 245 ## - TITLE STATEMENT |
| Title |
Художественные сокровища Матенадарана / |
| Statement of responsibility, etc. |
И.Р.Дрампян, Э.М.Корхмазян. |
| 264 ## - PRODUCTION, PUBLICATION, DISTRIBUTION, MANUFACTURE, AND COPYRIGHT NOTICE |
| Place of production, publication, distribution, manufacture |
Москва: |
| Name of producer, publisher, distributor, manufacturer |
Искусство, |
| Date of production, publication, distribution, manufacture, or copyright notice |
1976. |
| 300 ## - PHYSICAL DESCRIPTION |
| Extent |
175 с. : |
| Other physical details |
ил. |
| Dimensions |
16 см. |
| 440 ## - SERIES STATEMENT/ADDED ENTRY--TITLE |
| Title |
Города и музеи мира |
| 9 (RLIN) |
20091 |
| 653 ## - INDEX TERM--UNCONTROLLED |
| keyword |
მატენადარის მხატვრული საგანძური |
| 700 ## - ADDED ENTRY--PERSONAL NAME |
| Personal name |
Корхмазян, Э.М. |
| Relator term |
რედაქტორი |
| 9 (RLIN) |
20396 |
| 942 ## - ADDED ENTRY ELEMENTS (KOHA) |
| Source of classification or shelving scheme |
|
| Koha item type |
წიგნი |